Vi sinh vật : Bệnh truyền nhiễm vật nuôi
Gíơi thiệu tổng quát về vi khuẩn và virus, về bệnh truyền nhiễm, bệnh truyền nhiễm chung cho nhiều loại động vật, bệnh truyền nhiễm ở trâu bò, lợn, gia cầm.
Sparad:
| Huvudupphovsman: | |
|---|---|
| Materialtyp: | Bok |
| Språk: | Undetermined |
| Publicerad: |
Hà Nội
Giáo dục
2008
|
| Ämnen: | |
| Taggar: |
Lägg till en tagg
Inga taggar, Lägg till första taggen!
|
| Thư viện lưu trữ: | Trung tâm Học liệu Trường Đại học Cần Thơ |
|---|
| LEADER | 00915nam a2200217Ia 4500 | ||
|---|---|---|---|
| 001 | CTU_150460 | ||
| 008 | 210402s9999 xx 000 0 und d | ||
| 020 | |c 34500 | ||
| 082 | |a 636.089601 | ||
| 082 | |b H305 | ||
| 100 | |a Nguyễn, Bá Hiên | ||
| 245 | 0 | |a Vi sinh vật : | |
| 245 | 0 | |b Bệnh truyền nhiễm vật nuôi | |
| 245 | 0 | |c Vũ Bá Hiên ... [et al.] | |
| 260 | |a Hà Nội | ||
| 260 | |b Giáo dục | ||
| 260 | |c 2008 | ||
| 520 | |a Gíơi thiệu tổng quát về vi khuẩn và virus, về bệnh truyền nhiễm, bệnh truyền nhiễm chung cho nhiều loại động vật, bệnh truyền nhiễm ở trâu bò, lợn, gia cầm. | ||
| 650 | |a Veterinary microbiology,Microbiology,Vi sinh vật vật nuôi,Vi sinh vật học | ||
| 904 | |i Tuyến | ||
| 980 | |a Trung tâm Học liệu Trường Đại học Cần Thơ | ||